[Event "XXIV ProAm Copa Clarin 2017"]
[Site "Villa Martelli"]
[Date "2017.10.01"]
[Round "1.1"]
[White "Mareco, Sandro"]
[Black "Oyarzu, Eduardo"]
[Result "1-0"]
[WhiteElo "2644"]
[BlackElo "1863"]
[Annotator "TA"]
[PlyCount "27"]
[EventDate "2017.??.??"]
[EventType "swiss"]
[EventCountry "ARG"]
[SourceTitle "playchess.com"]
[Source "ChessBase"]
[SourceQuality "1"]

{[%evp 14,27,29,36,83,66,77,83,134,125,135,135,372,395,685,687]} 1. Nf3 Nf6 2. c4 c5 3. Nc3 e6 4. g3 b6 5. Bg2 Bb7 6. O-O Be7 7. d4 cxd4 8. Qxd4 a6 {A30: Symmetrical English: Double Fianchetto and Hedgehog} (8... O-O 9. Rd1 d6 10. b3 Nbd7 11. Ba3 Nc5 12. b4 Ncd7 13. Rac1 a6 14. Nd2 Bxg2 15. Kxg2 Qc7 16. Nde4 Rfc8 17. Nxd6 Bxd6 18. Qxd6 Qxd6 19. Rxd6 Rxc4 {½-½ (60) Nakamura,H (2785)-Jakovenko,D (2709) Sharjah 2017}) 9. Be3 Bc5 10. Qf4 d6 $146 ({Black should try} 10... Bxe3 11. fxe3 (11. Qxe3 Nc6 $14) 11... O-O) ({Predecessor:} 10... Bxe3 11. Qxe3 O-O 12. Na4 b5 13. Nc5 Bc6 14. Rac1 bxc4 15. Rxc4 Bd5 16. Rc2 {0-1 (61) Jirovsky,M (2439)-Berchtenbreiter,M (2315) Bayern 2012}) 11. Bxc5 $16 dxc5 12. Rad1 Nbd7 $2 {[#]} (12... Qc8 $16 13. Rd6 b5) 13. Ne5 $18 Bxg2 $2 (13... g5) 14. Rxd7 $1 ({Weaker is} 14. Kxg2 O-O $16) 1-0

[Event "XXIV ProAm Copa Clarin 2017"]
[Site "Villa Martelli"]
[Date "2017.10.01"]
[Round "1.2"]
[White "Sosa, Ruben"]
[Black "Perez Ponsa, Federico"]
[Result "0-1"]
[WhiteElo "1843"]
[BlackElo "2594"]
[Annotator "TA"]
[PlyCount "58"]
[EventDate "2017.??.??"]
[EventType "swiss"]
[EventCountry "ARG"]
[SourceTitle "playchess.com"]
[Source "ChessBase"]
[SourceQuality "1"]

{[%evp 15,58,-17,-1,-6,17,-19,1,-23,-17,-79,-67,-60,-57,-41,-50,-120,-120,-129,-102,-112,-96,-110,-102,-113,-106,-152,-143,-157,-106,-192,-201,-187,-77,-85,-72,-83,-102,-96,-96,-79,-95,-46,-9,-29994,-29995]} 1. e4 c5 2. Nf3 d6 3. d4 cxd4 4. Nxd4 Nf6 5. Nc3 a6 6. Bd3 g6 7. h3 {B90: Sizilianisch (Najdorf-Variante, Abweichungen)} (7. Be3 Bg7 8. f3 Nc6 9. Qd2 Ne5 10. Be2 b5 11. a4 Nc4 12. Bxc4 bxc4 13. O-O O-O 14. b4 cxb3 15. cxb3 Bb7 16. b4 {½-½ (35) Motylev,A (2675)-Giri,A (2772) Tbilisi 2017}) 7... Bg7 8. Be3 O-O {LiveBook: 3 Partien} 9. Qd2 {Die Stellung ist ausgeglichen.} Nc6 10. Nf3 b5 {[%cal Bb7b5,Bb5b4][%mdl 32]} 11. Bh6 Bb7 12. Nh2 $146 (12. a3 $11) ({Vorgänger:} 12. Bxg7 Kxg7 13. h4 Ne5 14. Nxe5 dxe5 15. Qg5 b4 16. Ne2 Bxe4 17. Bxe4 Nxe4 18. Qxe5+ {0-1 (27) Sampaio Filho,J (1770)-Balzani,D (1716) Brasilia 2012}) 12... b4 13. Ne2 d5 14. Bxg7 Kxg7 15. Ng3 ({Günstiger ist} 15. exd5 $15 Qxd5 16. Ng4) 15... dxe4 $17 16. Nxe4 Nxe4 17. Bxe4 Qxd2+ 18. Kxd2 Rfd8+ 19. Ke3 f5 20. Bf3 e5 21. Rad1 a5 (21... e4 $142 22. Be2 Nd4 $1 {[%mdl 512]} 23. Rxd4 f4+ 24. Kxf4 Rxd4) 22. c4 (22. Bxc6 $17 Bxc6 23. f3) 22... bxc3 $19 23. bxc3 {[#]} e4 (23... f4+ $1 $19 {und Schwarz behält klar die Oberhand.} 24. Ke2 Ba6+ 25. Ke1 Rab8 26. Rxd8 (26. Bxc6 $2 Rxd1+ 27. Kxd1 Rb1+ 28. Kd2 Rxh1 $19) 26... Nxd8) 24. Be2 $17 Ne7 $36 {[%mdl 2048] Und weiter mit ...Sd5+ wäre nett. Läuft bei Schwarz.} 25. c4 g5 {[%csl Gg5][%cal Rf5f4]} 26. f4 gxf4+ 27. Kxf4 Ng6+ 28. Kxf5 Rf8+ 29. Ke6 $2 {[%mdl 8192]} (29. Kg4 $11) 29... Ra6+ {Precision: Weiß = 27%, Schwarz = 63%.} 0-1

[Event "XXIV ProAm Copa Clarin 2017"]
[Site "Villa Martelli"]
[Date "2017.10.01"]
[Round "1.3"]
[White "Flores, Diego"]
[Black "Morales Marmol, Marcos Antonio"]
[Result "1-0"]
[WhiteElo "2574"]
[BlackElo "2125"]
[Annotator "TA"]
[PlyCount "45"]
[EventDate "2017.??.??"]
[EventType "swiss"]
[EventCountry "ARG"]
[SourceTitle "playchess.com"]
[Source "ChessBase"]
[SourceQuality "1"]

{[%evp 24,45,86,89,112,111,155,156,161,154,148,156,158,156,299,295,210,184,173,198,1524,479,1509,1504]} 1. Nf3 Nf6 2. d4 g6 3. c4 c5 4. Nc3 Bg7 5. e4 cxd4 6. Nxd4 d6 7. Be2 O-O 8. O-O Nc6 9. Be3 Nxd4 10. Bxd4 Nd7 11. Bxg7 Kxg7 {B38: Sicilian: Maroczy Bind with 5...Bg7 and 7...0-0} 12. Qd4+ Kg8 13. Rad1 {LiveBook: 7 Games} Qa5 $146 {White is better.} ({Predecessor:} 13... b6 14. f4 Nc5 15. e5 Be6 16. exd6 exd6 17. b4 Nb7 18. Bf3 Rc8 19. Bxb7 Rxc4 20. Qd3 Qc7 21. Nd5 {1-0 (21) Fridman,D (2629)-Boidman,Y (2382) Frankfurt 2013}) 14. Nd5 {[%cal Rd5e7,Bc3d5,Bd5e3,Be3g4][%mdl 32] [#]} Re8 15. b4 {[%cal Bb2b4,Bb4c5][%mdl 32]} Qd8 16. c5 {aiming for cxd6.} e6 {Threatens to win with ...dxc5.} 17. Ne3 dxc5 18. bxc5 {Ng4 is the strong threat.} Qa5 (18... Qf6 $16 {is a better defense.}) 19. Ng4 $18 e5 20. Qc4 $36 {[%mdl 2048] White has strong initiative.} Kg7 {[#]} 21. Qc1 $1 {[%cal Rc1h6]} h5 $2 (21... Nf8) 22. Qh6+ Kg8 23. Bc4 1-0

[Event "XXIV ProAm Copa Clarin 2017"]
[Site "Villa Martelli"]
[Date "2017.10.01"]
[Round "1.4"]
[White "Sanchez, Gabriel"]
[Black "Valerga, Diego"]
[Result "0-1"]
[WhiteElo "2170"]
[BlackElo "2452"]
[Annotator "TA"]
[PlyCount "58"]
[EventDate "2017.??.??"]
[EventType "swiss"]
[EventCountry "ARG"]
[SourceTitle "playchess.com"]
[Source "ChessBase"]
[SourceQuality "1"]

{[%evp 10,58,2,0,5,-18,-18,-21,-25,-18,-20,-20,-14,-41,-35,-35,-32,-24,-20,-24,0,-16,8,0,0,-10,0,-26,-22,-41,-19,-24,-25,-23,7,-62,-70,-75,-63,-118,-122,-118,-112,-113,-122,-173,-174,-180,-124,-124,-124]} 1. d4 Nf6 2. Nf3 g6 3. Bf4 Bg7 4. e3 d6 5. Be2 Nbd7 6. O-O {LiveBook: 3 Games. A48: 1 d4 Nf6 2 Nf3 g6: Torre, London and Colle Systems} Nh5 7. Nc3 $146 ({Predecessor:} 7. Bg5 h6 8. Bh4 g5 9. Nfd2 gxh4 10. Bxh5 Nf6 11. Nc3 h3 12. g3 Nxh5 13. Qxh5 Qd7 {½-½ (36) Dreev,A (2650)-Short,N (2640) Wijk aan Zee 1995}) 7... Nxf4 8. exf4 {The position is equal.} O-O 9. Re1 c6 10. Qd2 b5 11. Bf1 Nb6 12. h3 Bb7 13. Ne4 Nd5 14. c3 Qb6 15. g3 Rfd8 16. Qe2 a5 17. Neg5 {[#] And now Nxf7! would win.} Bc8 18. Rad1 Ra7 19. h4 Nf6 20. Bh3 Bxh3 21. Nxh3 h6 22. Qc2 ({Better is} 22. h5 $1 $11) 22... e6 $15 23. Nd2 c5 24. dxc5 ({White should try} 24. Ne4 $15) 24... Qxc5 $17 25. Ne4 Nxe4 26. Qxe4 b4 27. cxb4 (27. Rd3 $17) 27... axb4 $19 ({Don't take} 27... Qxb4 28. Qf3 $17) 28. Qb1 Qf5 (28... Rda8 $19 29. Re2 Rxa2) 29. Qxf5 $17 gxf5 {Precision: White = 38%, Black = 63%.} 0-1

[Event "XXIV ProAm Copa Clarin 2017"]
[Site "Villa Martelli"]
[Date "2017.10.01"]
[Round "1.5"]
[White "Slipak, Sergio"]
[Black "Cristal, Ariel"]
[Result "1-0"]
[WhiteElo "2437"]
[BlackElo "1775"]
[Annotator "TA"]
[PlyCount "29"]
[EventDate "2017.??.??"]
[EventType "swiss"]
[EventCountry "ARG"]
[SourceTitle "playchess.com"]
[Source "ChessBase"]
[SourceQuality "1"]

{[%evp 15,29,29,27,13,23,14,79,68,78,77,74,33,51,53,178,179]} 1. d4 Nf6 2. Nf3 d5 3. c4 dxc4 4. Qa4+ c6 5. Qxc4 Bf5 6. g3 e6 7. Bg2 h6 {D23: Queen's Gambit Accepted: 3 Nf3 Nf6 sidelines} (7... Nbd7 8. O-O Nb6 9. Qb3 Qd5 10. Nbd2 Be7 11. e3 Qxb3 12. Nxb3 Be4 13. Ne5 Bxg2 14. Kxg2 Nfd7 15. Nd3 Nc4 16. Bd2 Nxd2 17. Nxd2 c5 18. dxc5 Nxc5 19. Nxc5 Bxc5 20. Rac1 Bb6 21. Nc4 {½-½ (21) Li,C (2744)-Sevian,S (2620) Tbilisi 2017}) 8. O-O Be7 {LiveBook: 7 Games} 9. Qb3 Qb6 {The position is equal.} 10. Nbd2 Ne4 $146 (10... O-O $11 {remains equal.}) ({Predecessor:} 10... O-O 11. Nc4 Qa6 12. Bf4 Rd8 13. Rfd1 Nd5 14. Bd2 Nd7 15. a4 {0-1 (35) Gaitan,J (2289)-Salinas Herrera,P (2450) Buenos Aires 2015}) 11. Nc4 Qxb3 12. axb3 {[#] Strongly threatening Nb6!} Nd7 13. Bf4 O-O 14. Nfe5 Rfd8 ({Black should play} 14... Nxe5 $14 15. Bxe5 Rfd8) 15. Nxd7 1-0

[Event "XXIV ProAm Copa Clarin 2017"]
[Site "Villa Martelli"]
[Date "2017.10.01"]
[Round "1.6"]
[White "Sotelo Rojas, Ruben"]
[Black "Dolezal, Cristian"]
[Result "0-1"]
[WhiteElo "1767"]
[BlackElo "2426"]
[Annotator "TA"]
[PlyCount "40"]
[EventDate "2017.??.??"]
[EventType "swiss"]
[EventCountry "ARG"]
[SourceTitle "playchess.com"]
[Source "ChessBase"]
[SourceQuality "1"]

{[%evp 13,40,53,82,52,69,39,70,30,36,-69,-53,-166,-107,-280,-282,-281,-263,-275,-240,-233,-253,-437,-379,-382,-305,-927,-927,-912,-904]} 1. d4 Nf6 2. c4 c5 3. Nf3 g6 4. Nc3 Bg7 5. d5 d6 6. e4 O-O 7. Bd3 Na6 8. a3 {E90: King's Indian: Classical: Early deviations and 6 h3} (8. O-O Nc7 9. h3 e6 10. dxe6 Nxe6 11. Be3 b6 12. Qd2 Bb7 13. Rad1 Re8 14. Nd5 a6 15. b3 Rb8 16. Bb1 Bxd5 17. exd5 Nf8 {½-½ (27) Edouard,R (2634)-Hickl,J (2605) Switzerland 2011}) 8... Nc7 9. h3 Rb8 10. Bd2 $146 {White is slightly better.} ({Predecessor:} 10. O-O a6 11. a4 b6 12. Re1 Bd7 13. e5 Nfe8 14. Bf4 b5 15. axb5 axb5 16. exd6 Nxd6 {0-1 (28) Schneiderheinze,R (1754)-Hamm,G (2078) Naumburg 2002}) 10... e6 11. g4 ({White should try} 11. a4 $14) 11... exd5 12. exd5 {[#]} (12. cxd5 $15 Re8 13. Kf1) 12... b5 $1 $19 {[%mdl 512]} 13. Qc2 $2 (13. b3 $17) (13. Nxb5 Nxb5) 13... Re8+ ({Resist} 13... bxc4 14. Bxc4 h5 15. gxh5 $17) 14. Kf1 Bb7 15. b3 {[#]} Nfxd5 $1 {[%mdl 512]} 16. cxd5 (16. Nxd5 bxc4) 16... Nxd5 17. Be2 $2 {[#]} (17. Kg2 {was worth a try.} Qf6 18. Ne4 Nf4+ 19. Kg3 Ne2+ 20. Bxe2 Bxe4 21. Qa2) 17... Rxe2 $1 {[%mdl 512]} 18. Kxe2 (18. Nxe2 Bxa1) 18... Qe7+ ({Not} 18... Nxc3+ 19. Bxc3 Qe8+ 20. Kf1 $17) 19. Kd1 $2 ({Avoid the trap} 19. Ne4 $2 Nf6 $19) (19. Kf1 Qf6 20. Qd3 Nxc3 21. Bxc3 Qxc3 22. Qxc3 Bxc3 23. Kg2) 19... Nxc3+ 20. Bxc3 Bxf3+ {Precision: White =  6%, Black = 87%.} 0-1

[Event "XXIV ProAm Copa Clarin 2017"]
[Site "Villa Martelli"]
[Date "2017.10.01"]
[Round "1.7"]
[White "Pierrot, Facundo"]
[Black "Coro, Richard"]
[Result "1-0"]
[WhiteElo "2405"]
[BlackElo "1713"]
[Annotator "TA"]
[PlyCount "69"]
[EventDate "2017.??.??"]
[EventType "swiss"]
[EventCountry "ARG"]
[SourceTitle "playchess.com"]
[Source "ChessBase"]
[SourceQuality "1"]

{[%evp 35,69,24,24,15,33,16,10,0,0,3,117,123,129,123,131,120,123,114,372,377,365,362,359,365,358,338,353,145,128,145,249,227,237,169,174,161]} 1. e4 e5 2. Nf3 Nc6 3. Bb5 {[%cal Bf1b5,Bb5a4,Ba4b3][%mdl 32]} a6 4. Ba4 Nf6 5. O-O Be7 6. Re1 b5 7. Bb3 d6 8. c3 O-O 9. h3 Nb8 10. d4 Nbd7 11. Nbd2 Bb7 12. Bc2 Re8 13. Nf1 Bf8 14. Ng3 g6 15. a4 c5 16. d5 c4 17. Bg5 Bg7 18. Qd2 {C95: Closed Ruy Lopez: Breyer Variation with 10 d4} Nc5 {LiveBook: 19 Games} (18... Rb8 19. Nh2 Bc8 20. Ng4 Nc5 21. Nh6+ Bxh6 22. Bxh6 bxa4 23. Ra2 a3 24. bxa3 Nfd7 25. f4 a5 {1-0 (47) Anand,V (2804)-Carlsen,M (2876) Stavanger 2015}) 19. Nh4 Rb8 $146 ({Predecessor:} 19... Qd7 20. a5 Kh8 21. Rf1 Ng8 22. Be3 Qe7 23. Nf3 Nf6 24. Bg5 Bc8 25. Nh2 Ncd7 {0-1 (57) Estrada Nieto,J (2268)-Lemos,D (2471) Budapest 2017}) 20. axb5 {White is slightly better.} axb5 21. Ra3 Ra8 22. Rxa8 Qxa8 {[#]} (22... Bxa8 $11 {keeps the balance.} 23. Ra1 Bb7) 23. Nhf5 $1 $16 {[%mdl 512]} gxf5 24. Nxf5 Qd8 {[#]} 25. Bh6 $1 Nh5 26. Qe2 Qf6 $2 {[%mdl 8192]} ({Don't blunder} 26... Nf4 $2 27. Qg4 $18) (26... Bc8 $16 {was worth a try.}) 27. Qxh5 $18 Bxh6 28. Nxh6+ Kg7 29. Nf5+ Kh8 30. Re3 Rg8 31. Nh6 (31. Rf3 $18 {and White stays clearly on top.} Qg6 32. Qxg6 Rxg6 33. Ne7) 31... Rg6 $16 {[#]} 32. Ng4 $1 {[%cal Rg4f6]} Qg5 (32... Qd8 $16 33. Re1 Bc8) 33. Qxg5 $18 Rxg5 34. Nf6 Bc8 35. Kf1 {Precision: White = 57%, Black = 61%.} 1-0

[Event "XXIV ProAm Copa Clarin 2017"]
[Site "Villa Martelli"]
[Date "2017.10.01"]
[Round "1.8"]
[White "Sola, Jose Antonio"]
[Black "Della Morte, German"]
[Result "0-1"]
[WhiteElo "1692"]
[BlackElo "2362"]
[Annotator "TA"]
[PlyCount "66"]
[EventDate "2017.??.??"]
[EventType "swiss"]
[EventCountry "ARG"]
[SourceTitle "playchess.com"]
[Source "ChessBase"]
[SourceQuality "1"]

{[%evp 13,66,-23,-25,-28,-33,-41,-33,-53,-40,-53,-4,-26,-33,-40,-30,-34,-48,-37,-37,-89,-95,-89,-88,-108,-102,-108,-98,-134,-133,-141,-115,-130,-99,-201,-186,-205,-201,-219,-220,-189,-207,-294,-218,-214,-180,-227,-214,-191,-129,-740,-725,-1246,-1237,-1918,-1939]} 1. e4 c5 2. Nf3 e6 3. d4 cxd4 4. Nxd4 Nc6 5. Be2 Nf6 6. Nxc6 {B44: Sizilianisch (Paulsen/Taimanow-Variante)} (6. Nc3 d6 7. Be3 Be7 8. Qd2 O-O 9. O-O-O a6 10. f4 Nd7 11. h4 Qc7 12. h5 Re8 13. g4 b5 14. Nxc6 Qxc6 15. Bf3 Bb7 16. g5 Nb6 17. b3 Rac8 18. Ne2 {1-0 (52) Moiseenko,V (2497)-Kobalia,M (2638) Kolomna 2016}) 6... bxc6 7. Nd2 d5 {LiveBook: 3 Partien} 8. e5 {Schwarz hat minimalen Vorteil.} Nd7 9. Nf3 Qc7 10. Qd4 g6 11. O-O $146 ({Vorgänger:} 11. Bf4 Bg7 12. c3 Rb8 13. b3 O-O {0-1 (41) Huber,A (2072)-Schachinger,M (2351) Graz 2009}) 11... c5 12. Qf4 {Sg5 ist eine echte Drohung.} Bg7 13. Bb5 Rb8 14. a4 a6 15. Bxd7+ $1 Bxd7 16. Re1 (16. b3 $15) 16... Rb4 $17 17. Qg3 Rxa4 18. Rxa4 Bxa4 19. b3 Bc6 20. Qh3 h6 21. Bf4 Qa5 22. Bd2 Qa2 23. b4 (23. Rc1 $17) 23... Qxc2 $19 24. bxc5 d4 $1 ({Keinesfalls} 24... Qxc5 25. Rc1 $17) 25. Bf4 Qxc5 26. Rc1 Qd5 27. Rd1 (27. Bd2 {war nötig.}) 27... Qe4 28. Nxd4 Ba4 ({Viel schwächer ist} 28... Qxf4 29. Nxc6 O-O 30. Qc3 $17) 29. Qd3 Qxf4 $40 {[%mdl 128] Weiss ist in Schwierigkeiten.} 30. Ne2 {[%csl Gd1][%cal Rd3d8]} Qg5 {[#]} ({Lieber} 30... Qh4 $19 31. Qd6 Bxe5 $1 {[%mdl 512]} 32. Qxe5 Bxd1 33. Qxh8+ Ke7) 31. Ra1 $2 {[%mdl 8192]} (31. Qxa6 $3 $17 {[%mdl 512]} O-O 32. Qxa4) 31... Bb5 {Schwarz steht klar auf Gewinn.} 32. Qd6 Bxe5 33. Qb4 Bxa1 {Precision: Weiß = 25%, Schwarz = 70%.} 0-1

[Event "XXIV ProAm Copa Clarin 2017"]
[Site "Villa Martelli"]
[Date "2017.10.01"]
[Round "1.9"]
[White "Llanos, Guillermo"]
[Black "Doval, Oscar"]
[Result "1-0"]
[WhiteElo "2294"]
[BlackElo "1691"]
[Annotator "TA"]
[PlyCount "72"]
[EventDate "2017.??.??"]
[EventType "swiss"]
[EventCountry "ARG"]
[SourceTitle "playchess.com"]
[Source "ChessBase"]
[SourceQuality "1"]

{[%evp 26,72,83,0,0,-6,-11,-16,-24,-29,-22,-30,-30,-31,-33,-32,-31,-40,21,26,21,3,54,54,54,47,54,54,60,60,54,54,61,66,66,54,80,60,137,43,62,43,58,58,62,62,69,69,69]} 1. d4 Nf6 2. c4 d6 3. Nc3 g6 4. e4 Bg7 5. Nf3 O-O 6. Be2 e5 7. O-O Nc6 8. d5 Ne7 9. Ne1 Ne8 10. Nd3 f5 11. Bd2 {[%cal Bc1d2,Bd2e1,Be1f2][%mdl 32]} Nf6 12. f3 c5 13. a3 f4 14. g4 (14. b4 $16) 14... g5 $1 $11 {E99: King's Indian: Classical Main Line: 9 Ne1 Nd7 10 f3 f5} 15. Kg2 $146 ({Predecessor:} 15. b4 b6 16. b5 h5 17. Nf2 hxg4 18. Nxg4 Nxg4 19. fxg4 Ng6 20. Bf3 Bf6 21. Be1 Kf7 22. Bg2 {½-½ (38) Reimche,V (2085)-Schroeder,J (2228) Markdorf 2004}) 15... Ng6 16. Be1 Kf7 {The position is equal.} 17. Rh1 h5 18. h3 Rh8 19. Bf2 Bd7 20. b4 b6 21. Rb1 {[%cal Rb4c5]} Rb8 ({Black should try} 21... Bf8 $15) 22. Nb5 Bxb5 23. cxb5 Rh7 (23... Rb7 $11) 24. bxc5 $14 dxc5 25. Nb2 Ne8 26. Nc4 $36 {[%mdl 2048] White is more active.} Nd6 27. Qa4 Rb7 28. Qa6 Re7 29. Nxd6+ Qxd6 30. Bc4 Bf8 31. Qc8 Kg7 {[#]} (31... Rd7 $14) 32. Qc6 ({White should play} 32. gxh5 $1 $16 Rxh5 33. Qg4 Nh4+ 34. Kf1) 32... Rc7 {White is slightly better.} 33. Qxd6 $1 Bxd6 34. a4 hxg4 35. hxg4 Rxh1 36. Rxh1 Rc8 {Precision: White = 63%, Black = 50%.} 1-0

[Event "XXIV ProAm Copa Clarin 2017"]
[Site "Villa Martelli"]
[Date "2017.10.01"]
[Round "1.10"]
[White "Hoeschele, Hermann"]
[Black "Mussanti, Diego"]
[Result "0-1"]
[WhiteElo "1677"]
[BlackElo "2288"]
[Annotator "TA"]
[PlyCount "58"]
[EventDate "2017.??.??"]
[EventType "swiss"]
[EventCountry "ARG"]
[SourceTitle "playchess.com"]
[Source "ChessBase"]
[SourceQuality "1"]

{[%evp 22,58,-13,0,16,18,37,30,66,67,63,-5,56,-153,-153,-258,-258,-306,-297,-462,-466,-533,-534,-560,-549,-582,-577,-581,-571,-568,-562,-580,-596,-685,-668,-893,-885,-29985,-29986]} 1. d4 d5 2. c4 dxc4 3. e3 Nf6 4. Bxc4 e6 5. Nf3 c5 6. O-O a6 7. a4 Nc6 8. Qe2 Qc7 9. Nc3 Bd6 10. dxc5 Bxc5 11. e4 Ng4 12. g3 Nge5 {D27: Queen's Gambit Accepted: Classical main line: 7 e4!? and 7 a4} 13. Nxe5 Nxe5 14. Bf4 g5 {White has an edge.} 15. Bxg5 $146 {Hoping for Bb3.} ({Predecessor:} 15. Bxe5 Qxe5 16. Kg2 Bd7 17. f4 gxf4 18. Rxf4 h5 19. Raf1 h4 20. g4 h3+ 21. Kh1 Rh7 22. Qc2 Bc6 23. Ne2 Be3 24. Bd3 Bxf4 25. Nxf4 O-O-O 26. Kg1 Rg7 {0-1 (26) Czerwonski,A (2391)-Nurkiewicz,M (2380) Krakow 2009}) 15... Nxc4 16. Bf6 ({White should play} 16. Rfd1 $14 Bd7 17. Bf6) 16... Rg8 $11 {[#] White must now prevent ...Rg6.} 17. Kg2 $2 (17. Rfd1 $14 {keeps the upper hand.} Bd7 18. e5) 17... Rg6 18. Qxc4 (18. Bh4 $17 Ne5 19. Qh5) 18... Rxf6 $19 19. e5 Qxe5 20. Ne4 (20. Rae1 $142 Qd4 21. Qxd4 Bxd4 22. Nd5) 20... Rf5 21. Rad1 Bd7 22. Nxc5 Qxc5 23. Qg4 {Qg8+ would now be nice for White.} O-O-O 24. Kg1 {next Rc1 is good for White.} h5 25. Qh4 {With the idea Rc1.} Qc7 26. Rc1 Bc6 27. Rc2 Qd7 28. h3 Qd5 {[%csl Gc6][%cal Rd5h1] [#]} 29. f3 Rxf3 {Precision: White = 11%, Black = 74%.} 0-1

[Event "XXIV ProAm Copa Clarin 2017"]
[Site "Villa Martelli"]
[Date "2017.10.01"]
[Round "1.11"]
[White "Sanhueza, Cristian"]
[Black "Duran, Diego"]
[Result "1-0"]
[WhiteElo "2263"]
[BlackElo "1667"]
[Annotator "TA"]
[PlyCount "85"]
[EventDate "2017.??.??"]
[EventType "swiss"]
[EventCountry "ARG"]
[SourceTitle "playchess.com"]
[Source "ChessBase"]
[SourceQuality "1"]

{[%evp 16,85,80,84,77,79,76,20,426,417,411,367,368,378,348,117,111,107,108,34,35,32,28,32,71,81,110,53,56,53,33,33,33,19,21,24,29,0,12,15,18,21,42,-2,47,41,53,35,35,31,34,33,28,13,13,14,16,27,46,16,100,106,101,112,142,140,139,77,379,382,352,369]} 1. e4 e6 2. d4 d5 3. Nc3 dxe4 4. Nxe4 Nd7 5. Nf3 Ngf6 6. Nxf6+ Nxf6 7. c3 c5 8. Ne5 Bd6 {C10: French with 3 Nc3: Unusual Black 3rd moves and 3...dxe4} (8... a6 9. Be3 Qc7 10. Qa4+ Bd7 11. Nxd7 Qxd7 12. Qxd7+ Nxd7 13. O-O-O cxd4 14. Bxd4 O-O-O 15. f4 Rg8 16. Bd3 {0-1 (56) Gao,R (2551)-Tiviakov,S (2609) Groningen 2016}) 9. Bb5+ {LiveBook: 9 Games} Bd7 10. Nxd7 Nxd7 {White is better.} 11. Be3 $146 (11. Qg4 $16) ({Predecessor:} 11. Qg4 Qf6 12. Bg5 Qg6 13. dxc5 Bxc5 14. O-O-O O-O 15. Rxd7 h6 16. h4 hxg5 17. hxg5 Bxf2 18. Qf4 Qf5 19. Qxf5 exf5 20. g6 Rac8 21. Ba4 {1-0 (21) Arnason,J (2490)-Giulian,R (1864) Radebeul 2016}) 11... b6 $2 {[%mdl 8192]} (11... O-O $11) 12. dxc5 $18 Bxc5 13. Bxc5 bxc5 14. Qd6 Qe7 15. O-O-O $2 (15. Qc6 $18 Rb8 16. Rd1) 15... Qxd6 $16 16. Rxd6 O-O-O 17. Rhd1 (17. Re1 $16) 17... Nb8 $1 $14 18. R6d3 Rxd3 19. Rxd3 {[%mdl 4096] Endgame KRB-KRN} Rd8 20. Rh3 h6 {[#]} 21. Rg3 (21. Rh5 $1 $16) 21... g6 22. h4 Nd7 23. Kc2 Kc7 24. Rf3 Ne5 25. Rf6 Rf8 26. f3 Kd6 27. Rf4 Rb8 28. Be2 Rb7 29. h5 Ke7 30. hxg6 fxg6 31. Ra4 g5 32. f4 gxf4 33. Rxf4 Kd6 34. g4 Rf7 35. Ra4 Rf2 36. Kd1 Rf7 37. b3 Kc6 (37... Ng6 $11) 38. Ra6+ $16 Kd5 39. Kd2 Rg7 40. c4+ Kd4 41. Rxe6 (41. Rd6+ $142 Ke4 42. Rxe6) 41... Nxg4 $2 {[%mdl 8192]} (41... Rg6 $16 42. Re7 Ra6) 42. Bf3 $18 {[%csl Gf3][%cal Re6e4] [#]} Nf2 43. Re2 {Precision: White = 33%, Black = 41%.} ({Weaker is} 43. Rxh6 Ne4+ 44. Bxe4 Kxe4 $16) 1-0

[Event "XXIV ProAm Copa Clarin 2017"]
[Site "Villa Martelli"]
[Date "2017.10.01"]
[Round "1.12"]
[White "Bruno, Gerardo"]
[Black "Barrionuevo, Pablo"]
[Result "0-1"]
[WhiteElo "1665"]
[BlackElo "2249"]
[Annotator "TA"]
[PlyCount "56"]
[EventDate "2017.??.??"]
[EventType "swiss"]
[EventCountry "ARG"]
[SourceTitle "playchess.com"]
[Source "ChessBase"]
[SourceQuality "1"]

{[%evp 18,56,36,33,74,49,40,36,70,66,72,72,84,88,130,128,127,119,118,110,106,22,32,17,19,-48,-51,-354,-368,-387,-410,-772,-760,-750,-754,-772,-747,-705,-690,-670,-653]} 1. d4 Nf6 2. c4 g6 3. Nc3 Bg7 4. e4 d6 5. Be2 O-O 6. Bg5 c5 7. d5 h6 8. Be3 e6 9. Qd2 exd5 10. exd5 h5 {E74: King's Indian: Averbakh Variation: 6...c5} (10... Ng4 11. Bxg4 Bxg4 12. h3 Qh4 13. Kf1 Bf5 14. f4 Nd7 15. Nf3 Qe7 16. Re1 Nb6 17. b3 Qf6 18. Nd1 {1-0 (57) Wang,H (2737)-Radjabov,T (2793) Beijing 2012}) 11. Bg5 $146 ({Predecessor:} 11. Nf3 Bg4 12. h3 Bxf3 13. Bxf3 Nbd7 14. g3 Qa5 15. O-O Nb6 16. Be2 Na4 17. Nxa4 Qxa4 18. Kg2 {1-0 (41) Gareev,T (2621)-Vittorino,C (2322) Las Vegas 2014}) 11... Re8 12. Nf3 Nbd7 {White is slightly better.} 13. O-O a6 14. Bd3 Qc7 15. Rae1 b5 16. Rxe8+ Nxe8 17. Re1 Ne5 18. Nxe5 Bxe5 19. f4 (19. cxb5 $16 {Hoping for Bf4.} c4 20. Bf1) 19... Bd4+ $11 20. Kh1 Ng7 21. Re7 (21. cxb5 $11 Qa5 22. bxa6) 21... Qa5 $15 22. Qe1 $2 {[%mdl 8192] [#]} (22. a3 $15) 22... Bf5 $19 23. Bxf5 Nxf5 24. Re8+ (24. Re4 $142 Kg7 25. cxb5) 24... Rxe8 {Black is clearly winning.} 25. Qxe8+ Kg7 26. Be7 Nxe7 27. Qxe7 Bxc3 28. bxc3 Qxc3 {Precision: White = 22%, Black = 61%.} 0-1